Fiber optics: illustrated dictionary (Record no. 4567)
[ view plain ]
| 000 -LEADER | |
|---|---|
| fixed length control field | 00885 a2200217 4500 |
| 020 ## - INTERNATIONAL STANDARD BOOK NUMBER | |
| International Standard Book Number | 084931349X |
| 040 ## - CATALOGING SOURCE | |
| Original cataloging agency | DLC |
| Language of cataloging | DLC |
| 082 ## - DEWEY DECIMAL CLASSIFICATION NUMBER | |
| Classification number | 621.3692 |
| 100 1# - MAIN ENTRY--PERSONAL NAME | |
| Personal name | Petersen, Julie K. |
| 245 10 - TITLE STATEMENT | |
| Title | Fiber optics: illustrated dictionary |
| Remainder of title | illustrated dictionary |
| Statement of responsibility, etc. | Julie K. Petersen. |
| 246 3# - VARYING FORM OF TITLE | |
| Title proper/short title | Fiber optics: illustrated dictionary [electronic resource] |
| 260 ## - PUBLICATION, DISTRIBUTION, ETC. | |
| Place of publication, distribution, etc. | Boca Raton, Fla. : |
| Name of publisher, distributor, etc. | CRC Press, |
| Date of publication, distribution, etc. | c2003. |
| 300 ## - PHYSICAL DESCRIPTION | |
| Extent | 1067 p. : |
| Other physical details | ill. ; |
| Dimensions | 26 cm. |
| 490 1# - SERIES STATEMENT | |
| Series statement | Advanced and emerging communications technologies series. |
| 538 ## - SYSTEM DETAILS NOTE | |
| System details note | System requirements: Internet connectivity; World Wide Web browser. |
| 650 #0 - SUBJECT ADDED ENTRY--TOPICAL TERM | |
| Topical term or geographic name entry element | Fiber optics |
| 650 #0 - SUBJECT ADDED ENTRY--TOPICAL TERM | |
| Topical term or geographic name entry element | Optical communications |
| 830 #0 - SERIES ADDED ENTRY--UNIFORM TITLE | |
| Uniform title | CRC Press advanced and emerging communications technologies series. |
| 856 40 - ELECTRONIC LOCATION AND ACCESS | |
| Uniform Resource Identifier | <a href="http://libproxy1.nus.edu.sg/login?url=http://www.engnetbase.com/books/5920/1349_c000.pdf">http://libproxy1.nus.edu.sg/login?url=http://www.engnetbase.com/books/5920/1349_c000.pdf</a> |
| 942 ## - ADDED ENTRY ELEMENTS (KOHA) | |
| Koha item type | Book |
| Call number prefix | 621.3692 PET |
| Source of classification or shelving scheme | |
| Withdrawn status | Lost status | Damaged status | Not for loan | Collection code | Permanent Location | Current Location | Shelving location | Date acquired | Source of acquisition | Cost, normal purchase price | Full call number | Barcode | Date last seen | Price effective from | Koha item type |
|---|---|---|---|---|---|---|---|---|---|---|---|---|---|---|---|
| Central Library (CL) | Central Library (CL) | General Stacks | 11/30/2004 | A&J Def Tek Consultants | 10514.40 | 621.3692 PET | SEECS005051 | 11/14/2012 | 01/05/2017 | Reference |
